1577 1764 1505 1345 1528 1156 1565 1186 1188 1514 1040 1391 1896 1873 1331 1631 1889 1022 1682 1703 1443 1052 1923 1964 1327 1968 1615 1661 1743 1569 1664 1982 1595 1947 1370 1487 1508 1822 1778 1542 1263 1472 1868 1389 1666 1684 1158 1884 1669 1030 1479 1852 1056 1417 1459 1941 1468 1601 1546 1946 1949 1542 1294 1861 1255 1001 1409 1721 1527 1300 1097 1709 1653 1901 1301 1410 1475 1356 1378 1733 1107 1367 1587 1982 1226 1100 1523 1889 1120 1375 1635 1670 1737 1880 1243 1748 1346 1868 1203 BCNSPRNW ULIB Ver.6.0+V

เปลี่ยนเป็นภาษาไทย

Change to English
 แสดงรายละเอียดบรรณานุกรม
  กลับหน้าหลัก

Brief Record : Get Marc (ISO 2709) : E-mail record : QR code < ปิดหน้าต่าง
LEADER : 00000nam 2200000uu 4500
001    13399122793
003     ULIB
008    130926s2555||||th 000 0 tha d
020    ^a9786163054937
060  4 ^aWS113^bพ713ส
100    ^aพิภพ จิรภิญโญ
245    ^aคัมภีร์เลี้ยงลูกให้เก่งและดี ดีกรีฮาร์วาร์ด :^bสายพันธุ์แห่งรักในฮาร์วาร์ด /^cพิภพ จิรภิญโญ
246 21 ^aสายพันธุ์แห่งรักในฮาร์วาร์ด
250    ^aพิมพ์ครั้งที่ 1
260    ^aกรุงเทพฯ^bอมรินทร์,^c2555
300    ^a168 หน้า
500    ^aหนังสือชุด คัมภีร์เลี้ยงลูกให้เก่งและดี ดีกรีฮาร์วาร์ด มี 4 เล่ม คือพื้นฐานในการเลี้ยงลูกให้เก่งและดี,Lovely DNA สายพันธุ์แห่งรัก,เลี้ยงลูกผ่าน E-mail,สายพันธุ์แห่งรักในฮาร์วาร์ด
650  7 ^aเลี้ยงลูก
710 1  ^aมหาวิทยาลัยมหิดล.^bคณะแพทยศาสตร์ศิริราชพยาบาล.^bภาควิชากุมารเวชศาสตร์
945    ^p145^l0^i034022
999    ^aเกษร โพธิ์สุวรรณ
รายการนี้ยังไม่มีแท็ก
คุณยังไม่ได้ล็อกอิน คุณสามารถมีกิจกรรมร่วมกับเว็บไซต์ได้ แต่ต้องล็อกอินก่อน ::
  ล็อกอิน

รายการสื่อสารสนเทศ

ลำดับที่ ประเภท เลขเรียก/บาร์โค้ด สถานที่ สถานะ
1. วิทยาศาสตร์การแพทย์ และสุขภาพ
หนังสือสำรอง
สถานะ=หนังสือสำรอง
WS113 พ713ส  
  Barcode: 034022
ห้องสมุดวิทยาเขตสวรรค์ประชารักษ์
►ส่วนจัดเก็บหนังสือเก่า สปร
บนชั้น
  ขอยืม

รายการใกล้เคียง
    ผู้แต่ง [พิภพ จิรภิญโญ]

    หัวเรื่อง [เลี้ยงลูก]

BibComment


ยังไม่เคยถูกคอมเมนท์

คอมเมนท์ทรัพยากรรายการนี้
  คอมเมนท์: คัมภีร์เลี้ยงลูก..


 Copyright 2026. Bcnsprnw @Library